Sudden Death: Lowest Elevation Countries - Statistics

General Stats
  • This quiz has been taken 333 times
  • The average score is 4 of 15
Answers on the Grid
Answers color-coded by a green-red scale on the quiz's grid according to % correct below.
Bangladesh
Belarus
Belize
Cambodia
Cuba
Cyprus
Denmark
Estonia
Finland
Gambia
Guinea-Bissau
Hungary
Ireland
Kiribati
Kuwait
Latvia
Lithuania
Maldives
Marshall Islands
Moldova
Netherlands
Paraguay
Poland
Qatar
Senegal
Singapore
Trinidad and Tobago
Tuvalu
Ukraine
United Arab Emirates
United Kingdom
Uruguay
 
Answer Stats
Answer % Correct
Maldives
49%
Tuvalu
43%
Netherlands
42%
Bangladesh
41%
Marshall Islands
38%
Kiribati
31%
Denmark
24%
Qatar
24%
Singapore
21%
Trinidad and Tobago
18%
Estonia
12%
Gambia
11%
Guinea-Bissau
7%
Latvia
7%
Senegal
7%
No matching quizzes found
Score Distribution
Percent of People with Each Score
Percentile by Number Answered
Your Score History
You have not taken this quiz